书目信息 |
| 题名: |
野营指南
|
|
| 作者: | 贝蒂 著 ;虞重干 , 殷小翠 译 | |
| 分册: | ||
| 出版信息: | 北京 人民体育出版社 2009 |
|
| 页数: | 254页 | |
| 开本: | 21cm | |
| 丛书名: | ||
| 单 册: | ||
| 中图分类: | G873 | |
| 科图分类: | ||
| 主题词: | 野营(军事体育)--基本知识 , 野营(军事体育) | |
| 电子资源: | ||
| ISBN: | 978-7-5009-3648-0 | |
| 000 | 01235nam0 2200301 45 | |
| 001 | 1132082093 | |
| 005 | 20110314091644.15 | |
| 010 | @a978-7-5009-3648-0@dCNY18.00 | |
| 100 | @a20110120d2009 em y0chiy50 ea | |
| 101 | 1 | @achi@ceng |
| 102 | @aCN@b110000 | |
| 105 | @aa z 000yy | |
| 106 | @ar | |
| 200 | 1 | @a野营指南@AYe Ying Zhi Nan@e户外野营必读@EHu Wai Ye Ying Bi Du@f(澳)鲍勃·贝蒂(Rob Beattie)著@F( Ao ) Bao Bo· Bei Di (Rob Beattie) Zhu@g虞重干,殷小翠译 |
| 210 | @a北京@c人民体育出版社@d2009 | |
| 215 | @a254页@c图@d21cm | |
| 312 | @a版权页英文题名:The campsite companion | |
| 330 | @a无论是对初去野营的新手,还是有经验的老手。无论是徒步旅行、野营,还是夜宿旅行房车,这本书将提供各种各样易于遵循的建议、图表、指示和完美野营旅行所必须的帖士。此外,你将学到如何处理灌木丛、过滤水、处理紧急情况等的知识。 | |
| 510 | 1 | @aCampsite companion@zeng |
| 517 | 1 | @a户外野营必读@AHu Wai Ye Ying Bi Du@9hu wai ye ying bi du |
| 606 | 0 | @a野营(军事体育)@x基本知识 |
| 606 | 0 | @a野营(军事体育) |
| 690 | @aG873@v4 | |
| 701 | 1 | @a贝蒂@ABei Di@g(Beattie, Rob)@4著 |
| 702 | 0 | @a虞重干@AYu Zhong Gan@f(1946~)@4译 |
| 702 | 0 | @a殷小翠@AYin Xiao Cui@4译 |
| 801 | 0 | @aCN@bTANGWEI@c20110314 |
| 905 | @b0532417-21@dG873@e85@f5 | |
| 野营指南:户外野营必读/(澳)鲍勃·贝蒂(Rob Beattie)著/虞重干,殷小翠译.-北京:人民体育出版社,2009 |
| 254页:图;21cm |
| ISBN 978-7-5009-3648-0:CNY18.00 |
| 无论是对初去野营的新手,还是有经验的老手。无论是徒步旅行、野营,还是夜宿旅行房车,这本书将提供各种各样易于遵循的建议、图表、指示和完美野营旅行所必须的帖士。此外,你将学到如何处理灌木丛、过滤水、处理紧急情况等的知识。 |
| ● |
| 相关链接 |
|
|
|
|
正题名:野营指南
索取号:G873/85
 
预约/预借
| 序号 | 登录号 | 条形码 | 馆藏地/架位号 | 状态 | 备注 |
| 1 | 0532417 | 205324175 | 第一样本阅览室/ [索取号:G873/85] | 在馆 | |
| 2 | 0532418 | 205324184 | 第四借阅区/ [索取号:G873/85] | 在馆 | |
| 3 | 0532419 | 205324193 | 第四借阅区/ [索取号:G873/85] | 在馆 | |
| 4 | 0532420 | 205324200 | 第四借阅区/ [索取号:G873/85] | 在馆 | |
| 5 | 0532421 | 205324219 | 密集书库-体育系/ [索取号:G873/85] | 在馆 |